| 000 | 00691nam a2200181Ia 4500 | ||
|---|---|---|---|
| 008 | 100917s9999 xx 000 0 und d | ||
| 082 | _b21823 | ||
| 100 | _aदातार दिनकर गोविंद | ||
| 245 | _aहार्मोनियम्र - प्रवेश (आ. 6 वी.) | ||
| 260 |
_bदातार सुहास , भारत गायन समाज _c1970 |
||
| 300 | _a40 | ||
| 365 | _b1.5 | ||
| 520 | _aसंगीत | ||
| 630 | _aहार्मोनियम्र - प्रवेश (आ. 6 वी.) | ||
| 650 | _aसंगीत | ||
| 730 | _aहार्मोनियम्र - प्रवेश (आ. 6 वी.) | ||
| 942 | _cBOOK | ||
| 999 |
_c627217 _d627214 |
||